Nuovi scavi di Pompei : (Record no. 23709)

MARC details
000 -LEADER
campo de control de longitud fija 00836nam a2200217 i 4500
001 - NÚMERO DE CONTROL
campo de control 23709
003 - IDENTIFICADOR DE NÚMERO DE CONTROL
campo de control ES-MaACL
005 - FECHA Y HORA DE LA ÚLTIMA TRANSACCIÓN
campo de control 20230906152924.0
007 - CAMPO FIJO DE DESCRIPCIÓN FÍSICA--INFORMACIÓN GENERAL
campo de control de longitud fija t|
008 - DATOS DE LONGITUD FIJA--INFORMACIÓN GENERAL
campo de control de longitud fija 021212q1899 it af |||| | ita d
100 1# - ENTRADA PRINCIPAL--NOMBRE DE PERSONA
Nombre de persona Amelio, Pasquale d'.
9 (RLIN) 21189
245 10 - MENCIÓN DEL TÍTULO
Título Nuovi scavi di Pompei :
Resto del título Casa dei Vettii : appendice ai dipinti murali /
Mención de responsabilidad, etc. Pasquale d'Amelio.
260 ## - PUBLICACIÓN, DISTRIBUCIÓN, ETC.
Lugar de publicación, distribución, etc. Napoli :
Nombre del editor, distribuidor, etc. Richter,
Fecha de publicación, distribución, etc. [1899?]
300 ## - DESCRIPCIÓN FÍSICA
Extensión 1 carpeta ([9] p., [9] h. de lám. col.) ;
Dimensiones 64 cm.
530 ## - NOTA DISPONIBLE DE FORMULARIO FÍSICO ADICIONAL
Nota de formato físico adicional disponible Disponible en formato digital.
546 ## - NOTA DE IDIOMA
Nota de lengua/lenguaje Texto paralelo (a dos columnas) en italiano y francés.
650 #4 - PUNTO DE ACCESO ADICIONAL DE MATERIA--TÉRMINO DE MATERIA
Término de materia o nombre geográfico como elemento de entrada Pintura romana-
Subdivisión geográfica Pompeya (Ciudad desaparecida)
9 (RLIN) 170040
651 #4 - PUNTO DE ACCESO ADICIONAL DE MATERIA--NOMBRE GEOGRÁFICO
Nombre geográfico Pompeya (Ciudad desaparecida)
9 (RLIN) 149648
852 ## - LOCALIZACIÓN
Ubicación ES-MaACL
Número de control de estantería B-6993
856 ## - LOCALIZACIÓN Y ACCESO ELECTRÓNICOS
Identificador Uniforme de Recursos <a href="https://archive.org/details/gri_33125008615482/page/n6/mode/2up ">https://archive.org/details/gri_33125008615482/page/n6/mode/2up </a>
Nota pública Internet Archive
Holdings
Estatus retirado Estado de pérdida Estado de daño No para préstamo Colección Biblioteca de origen Biblioteca actual Ubicación en estantería Fecha de adquisición Fuente de adquisición Total de préstamos Signatura topográfica completa Código de barras Visto por última vez Precio de reemplazo Tipo de ítem Koha
        Colección digital Biblioteca del Ateneo de Madrid Biblioteca del Ateneo de Madrid Sala Pardo Bazán 17/01/2008     B-6993 1024433 23/02/2023 23/02/2023 Libro impreso antiguo